|
|
|
|
| LEADER |
00000nam a2200000 a 4500 |
| 001 |
vtls001359466 |
| 003 |
SK-MaSNL |
| 005 |
20260429131632.0 |
| 008 |
240314s1998 xo ap r yy 0 eng |
| 015 |
|
|
|a SNBA1999/06-02344
|
| 020 |
|
|
|a 8022510289
|
| 035 |
|
|
|a SNK000313002
|
| 035 |
|
|
|a urn:nbn:sk:snk-amkj6l
|
| 035 |
|
|
|a urn:nbn:sk:snk-am003uud
|
| 035 |
|
|
|a 80CE8B66-6D41-45D6-83B3-78374F335AA2
|
| 040 |
|
|
|a SNK
|b slo
|c SNK
|e AACR2
|
| 041 |
0 |
|
|a eng
|
| 044 |
|
|
|a xo
|c SK
|
| 080 |
|
|
|a 802.0-316.4:336.7(075.4)(076.5)
|2 1981
|
| 080 |
|
|
|a 336.7(075.4)(076.5)=20=854
|2 1981
|
| 100 |
1 |
|
|a Vehnerová, Eva,
|d 1946-
|4 aut
|9 243865
|
| 245 |
1 |
0 |
|a Mastering business English in banking. Workbook
|c E. Vehnerová, M. Grossmanová, Z. Ondrejová
|
| 260 |
|
|
|a Bratislava
|b Ekonóm
|c 1998
|
| 300 |
|
|
|a 54 s.
|b tab.
|c 21 cm
|
| 500 |
|
|
|a Čiast. text slov.
|
| 650 |
0 |
7 |
|a angličtina
|x bankovníctvo
|x terminológia odborná
|x cvičenia praktické
|x texty učebné
|2 SNK
|9 459342
|
| 650 |
0 |
7 |
|a bankovníctvo
|x terminológia anglická
|x cvičenia praktické
|x texty učebné
|2 SNK
|9 459343
|
| 655 |
|
7 |
|a učebnice
|2 SNK
|9 22521
|
| 700 |
1 |
|
|a Grossmanová, Marta,
|d 1946-
|4 aut
|9 1637949
|
| 700 |
1 |
|
|a Ondrejová, Zuzana
|4 aut
|9 7052
|
| 919 |
|
|
|a 80-225-1028-9
|
| 958 |
|
|
|a TL
|
| 958 |
|
|
|a NB
|
| 958 |
|
|
|a UV
|
| 999 |
|
|
|c 720657
|d 722587
|
| 952 |
|
|
|t P60, <03>, [BOOK], {603}
|a SNK
|b SNK
|y PREZ
|7 0
|p 17A0187969
|o snkSC 97110/[2]
|i snkKSP 3675/99
|0 0
|1 0
|4 0
|d 1999-04-08
|f 1
|l 0
|r 2025-09-16 00:00:00
|w 2026-02-23
|
| 952 |
|
|
|a SNK
|b SNK
|y VYP
|7 0
|p 17A0187968
|o snkSC 97110/[2] D1
|i snkKSP 3676/99
|0 0
|1 0
|4 0
|d 1999-04-08
|l 0
|r 2005-01-02 00:00:00
|w 2026-02-23
|